Word Ladder: You're Making Me Dizzy! Quiz Stats

 Plays Quiz Updated Aug 2, 2017

Support Sporcle.
Go Orange.
Score 0/18 Timer 01:30
0 Plays Today
Clue 4-Letter Word % Correct
To prepare luggage, perhaps for a vacationPACK
96.6%
• Posterior, hind side ••BACK•
91%
What you may do on a banana peelSLIP
88.2%
A bucket, perhaps for lunch or milkPAIL
83.2%
SpokeSAID
82.7%
Used money to buy somethingPAID
81.9%
Moved without frictionSLID
80.5%
A total failure, as in a movie or playFLOP
76.8%
Leading car at start of a NASCAR racePACE
76.4%
Clue 4-Letter Word % Correct
• 180 degree rotation ••FLIP•
75.7%
FecesPOOP
73.1%
Lightly tonedPALE
70.9%
Small body of waterPOND
66.8%
To drop or set down heavilyPLOP
66.8%
A dark coveringPALL
62.6%
Early 1972 simple 2-player video gamePONG
55.6%
Russian weight equal to 16 kg.POOD
49.7%
• Query to determine if there is a computer response ••PING•
44.5%

Today's Daily Dose

You're not logged in!

Compare scores with friends on all Sporcle quizzes.
OR
Log In
Forgot?

From the Vault

2000s Movies by Characters

by tjconn728

This is what happens after you party like it's 1999.
Remove Ads.
Support Sporcle.
Get the best of Sporcle when you Go Orange. This ad-free experience offers more features, more stats, and more fun while also helping to support Sporcle. Thank you for becoming a member.

Show Comments

Extras

Top Quizzes Today


Score Distribution

Your Account Isn't Verified!

In order to create a playlist on Sporcle, you need to verify the email address you used during registration. Go to your Sporcle Settings to finish the process.

Report this User

Report this user for behavior that violates our Community Guidelines.

Details: